000 00374nam a2200157Ia 4500
008 231217s9999 xx 000 0 und d
020 _a8173713200
041 _aEnglish
082 _a158.1 GIL;1 R
100 _aGillen, Terry.
245 0 _aAssertiveness
260 _c2000
_bUniversities Press
_aHyderabad
300 _a71
650 _aAssertiveness
942 _cAA
999 _c185993
_d185993